| 000 | 00866nam a2200241 i 4500 | ||
|---|---|---|---|
| 001 | 185511 | ||
| 003 | ES-MaACL | ||
| 005 | 20250918063044.0 | ||
| 008 | 160615s1971 fr af |||| |dfre d | ||
| 080 | _a821.133.1-22"16" | ||
| 100 | 1 |
_aMolière, _d1622-1673 _981873 |
|
| 245 | 1 | 2 |
_aL'Avare _b: comédie / _cMolière ; avec une notice biographique, une notice historique et littéraire... par Léon Lejealle. |
| 260 |
_aSorbonne [Paris] : _bLibrairie Larousse, _c[1971] |
||
| 300 |
_a141 p., [4] p. de lám. fot. : _bil. ; _c17 cm. |
||
| 490 | 1 | _aNouveaux classiques Larousse | |
| 500 | _aCronología. | ||
| 504 | _aBibliografía: p. [8] | ||
| 599 | _a1 il. col. | ||
| 700 | 1 |
_aLejealle, Léon. _9159863 |
|
| 830 | 0 |
_aNouveaux classiques Larousse _9186641 |
|
| 852 |
_aES-MaACL _jL-30400 _z. - Donat. Carmen Zumárraga |
||
| 999 |
_c185511 _d185511 |
||